Statistics for Random Geography Quiz - C _ _ _ _ _ _

Click here to take the quiz!

General Stats

  • This quiz has been taken 734 times
  • The average score is 12 of 20

Answer Stats

HintAnswer% Correct
Capital city of WalesCardiff
94%
_______ African RepublicCentral
94%
One of ex-Yugoslavia countriesCroatia
88%
Most populous city in IllinoisChicago
87%
World's most spoken languageChinese
84%
Title of explorer James CookCaptain
81%
Capital city of a country in South AmericaCaracas
78%
Fourth largest island in the Mediterranean SeaCorsica
77%
Fourth largest city in GermanyCologne
76%
African island nationComoros
75%
A person from CyprusCypriot
74%
Language spoken in Andorra and BarcelonaCatalan
72%
Commercial capital of Sri LankaColombo
69%
Famous football club from LondonChelsea
68%
Once had been part of the Netherlands AntillesCuraçao
42%
English county bordering ScotlandCumbria
30%
Capital city of an overseas region in South AmericaCayenne
23%
Former name of SulawesiCelebes
18%
One of 22 Republics in the Russia: _______ RepublicChechen
13%
City in Hokkaido, Japan where the main airport isChitose
6%

Score Distribution

Percentile by Number Answered

Percent of People with Each Score

Your Score History

You have not taken this quiz